Jeu de société - Très Futé - Statistiques

Statistiques générales
  • Ce quiz a été pris 6 fois
  • Le résultat moyen est 11 sur 26
Statistiques - réponses
Questions Réponse % Correct
Nombre de dé que tu peux avoir au maximum pendant ton tour de jeu 3
80%
Dé le plus important pouvant prendre n'importe quelle autre couleur Blanc
60%
Ce dé se somme toujours avec celui de la question 1 Bleu
60%
Tel un cadeau, tu l'obtiens lorsque tu as rempli la case au dessus Bonus
60%
Ce dé peut te rapporter 176 points si tu entoure et coche toutes ses cases en version 2 Jaune
60%
Couleur secondaire, dont tu dois simplement écrire son chiffre dans sa zone de gauche a droite dans la version 1 Orange
60%
Cet animal rusé, te permettra de multiplier son nombre par le score le plus petit Renard
60%
Pour obtenir la récompense de ce dé tu dois malheureusement diviser le score du dépar 2 Rose
60%
Son nombre dépend du nombre de personnes qui jouent Tour
60%
Ce dé te demandera d'être bon en math pour multiplier, soustraire puis au final additionner Vert
60%
Dans la version 5 tu dois additionné ce dé avec ceux du plateau d'argent et tu doistoujours faire plus grand que le score précédent Violet
60%
C'est a toi de jouer, tu es donc le joueur _ _ _ _ _ Actif
40%
Dans la version 2, si ce dé est un 6, tu peux cocher en plus tous ceux d'en dessousdans les cases de couleurs de cette même zone Argenté / Gris
40%
Autre possibles versions du jeu en dehors du 1 (Photo) Vraiment / Challenge / Puissance 3 / 4ever Deluxe / Extension
40%
Tu glisse sur ce support les dés plus petits que celui que tu as pris (Réponse dans l'énoncé d'une des question entre 5 et 9) Plateau d'argent
40%
Plus on en a, plus on a de chance de gagner Points
40%
Si ton lancer ne te convient pas elle te permet de le refaire Relance
40%
Enchainement de bonus dans un même coup Combo
20%
En fin de tour, cette action te permet de gagner des points en plus Dé supplémentaire
20%
Autre nom de la version 3 Hyper futé
20%
Comme à l'école "< et >" désigne que le nombre suivant doit être Inférieur / Supérieur
20%
Dans la version 3, tu dois cocher de gauche a droite le nombre correspondant a ce dé Marron
20%
Grâce a lui tu peux doubler voir tripler les points du dé Multiplicateur
20%
Quand les autres jouent, tu ne peux choisir qu'un des dés restants, tu es donc Passif
20%
Cette action permet de rajouter 1 à un dé Polissage
20%
Avant de te débarrasser d'un dé trop petit, cette action te permet d'en garder un de plus Reprise
20%
Aucun quiz correspondant
Distribution des résultats
% des personnes avec chaque résultat
Percentile par nombre de réponses
Votre historique - résultats
Vous n’avez pas pris ce quiz